With a face like mine you need personality / (Запис № 566889)

МАРК-запис
000 -LEADER
fixed length control field 01715cam a2200385 a 4500
001 - CONTROL NUMBER
control field withfacelikemine00berm
003 - CONTROL NUMBER IDENTIFIER
control field CaSfIA
005 - DATE AND TIME OF LATEST TRANSACTION
control field 20210119123202.0
007 - PHYSICAL DESCRIPTION FIXED FIELD--GENERAL INFORMATION
fixed length control field cr||||
008 - FIXED-LENGTH DATA ELEMENTS--GENERAL INFORMATION
fixed length control field 810708s1981 nyu j 000 1 eng
010 ## - LIBRARY OF CONGRESS CONTROL NUMBER
LC control number 80070417
040 ## - CATALOGING SOURCE
Original cataloging agency DLC
Transcribing agency DLC
Modifying agency OCL
-- BAKER
-- BTCTA
-- CaSfIA
020 ## - INTERNATIONAL STANDARD BOOK NUMBER
International Standard Book Number 087777062X
020 ## - INTERNATIONAL STANDARD BOOK NUMBER
International Standard Book Number 9780877770626
035 ## - SYSTEM CONTROL NUMBER
System control number (OCoLC)7557987
042 ## - AUTHENTICATION CODE
Authentication code lcac
050 00 - LIBRARY OF CONGRESS CALL NUMBER
Classification number PZ7.B4542
Item number Wi 1981
082 00 - DEWEY DECIMAL CLASSIFICATION NUMBER
Classification number [Fic]
Edition number 19
029 1# - (OCLC)
OCLC library identifier AU@
System control number 000005122962
100 1# - MAIN ENTRY--PERSONAL NAME
Personal name Berman, Sharon L.
245 10 - TITLE STATEMENT
Title With a face like mine you need personality /
Medium [electronic resource]
Statement of responsibility, etc by Sharon L. Berman.
250 ## - EDITION STATEMENT
Edition statement 1st ed.
260 ## - PUBLICATION, DISTRIBUTION, ETC. (IMPRINT)
Place of publication, distribution, etc New York :
Name of publisher, distributor, etc R.W. Baron Pub. Co.,
Date of publication, distribution, etc c1981.
300 ## - PHYSICAL DESCRIPTION
Extent 188 p. ;
Dimensions 21 cm.
520 ## - SUMMARY, ETC.
Summary, etc Although Raina-Anne hates her name, her appearance, her widowed father's new girl friend, and her boring life in a small Tennessee town, circumstances improve when she becomes best friends with sophisticated Arielle.
506 ## - RESTRICTIONS ON ACCESS NOTE
Standardized terminology for access restriction Необхідна авторизація на https://archive.org/ (створення облікового запису безкоштовно)
506 ## - RESTRICTIONS ON ACCESS NOTE
Standardized terminology for access restriction Необхідна авторизація на https://openlibrary.org/ (створення облікового запису безкоштовно)
650 #1 - SUBJECT ADDED ENTRY--TOPICAL TERM
Topical term or geographic name as entry element Friendship
Form subdivision Fiction.
650 #1 - SUBJECT ADDED ENTRY--TOPICAL TERM
Topical term or geographic name as entry element Self-acceptance
Form subdivision Fiction.
650 #1 - SUBJECT ADDED ENTRY--TOPICAL TERM
Topical term or geographic name as entry element Fathers and daughters
Form subdivision Fiction.
651 #1 - SUBJECT ADDED ENTRY--GEOGRAPHIC NAME
Geographic name Tennessee
Form subdivision Fiction.
856 41 - ELECTRONIC LOCATION AND ACCESS
Uniform Resource Identifier <a href="http://www.archive.org/details/withfacelikemine00berm">http://www.archive.org/details/withfacelikemine00berm</a>
Public note Free eBook from the Internet Archive
856 42 - ELECTRONIC LOCATION AND ACCESS
Uniform Resource Identifier <a href="http://www.openlibrary.org/books/OL4123088M">http://www.openlibrary.org/books/OL4123088M</a>
Public note Additional information and access via Open Library
942 ## - ADDED ENTRY ELEMENTS (KOHA)
Koha item type ЕКнига

Немає доступних примірників.